Landen door de laatste letter - Statistieken

Algemene statistieken
  • Deze quiz is 106 keer genomen
  • De gemiddelde score is 12 van 16
Antwoordstatistieken
Hint # Antwoord % Correct
E 47 Albanië | Algerije | Argentinië | Armenië | Australië | België | Belize | Brazilië | Bulgarije | Congo Brazzaville | Egypte | Ethiopië | Georgië | Guinee | Hongarije | Indonesië | Italië | Jordanië | Kaapverdië | Kirgizië | Kroatië | Libië | Maleisië | Mauritanië | Micronesië | Moldavië | Mongolië | Mozambique | Namibië | Noord-Macedonië | Oekraïne | Roemenië | Sao Tome en Principe | Saoedi-Arabië | Servië | Sierra Leone | Singapore | Slovenië | Slowakije | Somalië | Spanje | Suriname | Syrië | Tsjechië | Tunesië | Turkije | Zimbabwe
100%
A 41 Andorra | Angola | Antigua en Barbuda | Bolivia | Bosnië en Herzegovina | Botswana | Cambodja | canada | China | Colombia | Congo Kinshasa | Costa Rica | Cuba | Dominica | Equatoriaal-Guinea | Eritrea | Gambia | Ghana | Grenada | Guatemala | Guinee-Bissau | Guyana | India | Jamaica | Kenia | Liberia | Malta | Nicaragua | Nigeria | Noord-Korea | Oeganda | Panama | Papoea-Nieuw-Guinea | Rwanda | St. Lucia | Samoa | Sri Lanka | Tanzania | Venezuela | Zambia | Zuid-Afrika
100%
N 35 Afghanistan | Azerbeidzjan | Bahrein | Benin | Bhutan | Comoren | Denemarken | Filipijnen | Gabon | Iran | Japan | Jemen | Kameroen | Kazachstan | Libanon | Liechtenstein | Litouwen | Maldiven | Marshalleilanden | Noorwegen | Oezbekistan | Oman | Pakistan | Polen | Salomonseilanden | Seychellen | Soedan | Tadzjikistan | Taiwan | Turkmenistan | verenigd Arabisch Emiraten | Verenigde Staten | Zuid-Soedan | Zweden
97%
D 15 Duitsland | Estland | Finland | Griekenland | Ierland | IJsland | Letland | Nederland | Nieuw-Zeeland | Rusland | Thailand | Tsjaad | Vaticaanstad | Wit-Rusland | Zwitserland
97%
I 10 Brunei | Burundi | Chili | Djibouti | Eswatini | Fiji | Haïti | Kiribati | Malawi | Mali
91%
R 7 Ecuador | El Salvador | Madagaskar | Myanmar | Niger | Oost-Timor | Qatar
88%
O 10 Burkina Faso | Kosovo | Lesotho | Marokko | Mexico | Monaco | Montenegro | San Marino | Togo | Trinidad en Tobago
84%
K 6 Centraal-Afrikaanse-Republiek | Dominicaanse Republiek | Frankrijk | Irak | Oostenrijk | Verenigd Koninkrijk
81%
Y 2 Paraguay | Uruguay
81%
L 4 Israël | Nepal | Portugal | Senegal
78%
S 9 Bahama's | Barbados | Cyprus | Honduras | Laos | Mauritius | St. Kitts en Nevis | St. Vincent en de Grenadines | Belarus
72%
U 5 Nauru | Palau | Peru | Tuvalu | Vanuatu
63%
H 1 Bangladesh
50%
G 1 Luxemburg
44%
M 1 Vietnam
38%
T 2 Ivoorkust | Koeweit
34%
Geen overeenkomende quizzen gevonden
Scoreverdeling
Procent van Mensen met Elke Score
Percentiel versus Aantal Correcte Antwoorden
Uw Scoregeschiedenis
U heeft deze quiz nog niet genomen